Teoría de la justicia e idea del derecho en Aristóteles.

Saved in:
Bibliografiske detaljer
Hovedforfatter: García Soto, Luis (autor)
Format: Bog
Sprog:engelsk
Udgivet: Madrid, España: Marcial Pons; Ediciones Jurídicas y Sociales, 2011.
Fag:
Tags: Tilføj Tag
Ingen Tags, Vær først til at tagge denne postø!

MARC

LEADER 00000nam a22000007a 4500
003 CL-VaPUC
005 20241127085259.0
008 220711t2011 ||||| |||| 00| 0 eng d
999 |c 436894  |d 436892 
020 |a 978-84-9768-884-0 
040 |c Pontificia Universidad Católica de Valparaíso 
082 |2 22  |a 340.1 GAR 2011 
100 |a García Soto, Luis   |9 872629  |e autor  
245 |a Teoría de la justicia e idea del derecho en Aristóteles.  
260 |a Madrid, España:   |b Marcial Pons;  |b Ediciones Jurídicas y Sociales,   |c 2011. 
300 |a 477 páginas.  
500 |a c.1 Donación Familia Prof. Alejandro Guzmán Brito.  
583 |c 20220711  |k Yessy Sthefany Diaz Vidal 
600 0 |a Aristóteles,  |d 384 a.C.- 322 a.C.  |9 194 
650 0 |a Justicia   |9 255408  |x Teoría  
650 0 |a Filosofía del derecho   |9 255050  |x Aristóteles  
942 |2 ddc  |c BK  |n 0 
952 |0 0  |1 0  |2 ddc  |4 0  |6 340_100000000000000_GAR_2011  |7 1  |8 C_AGB  |9 584622  |a BIBDER  |b BIBDER  |d 2022-07-11  |e Donación   |i 5652657  |o 340.1 GAR 2011  |p 5652657  |r 2023-01-25  |t 1  |w 2022-07-11  |y BK_US  |k AGB